15 principaux pays touchés par Covid-19 - 5 juillet - Statistiques

Statistiques générales
  • Ce quiz a été pris 44 fois
  • Le résultat moyen est 11 sur 25
Statistiques - réponses
pays % Correct
Etats-Unis
95%
Espagne
83%
Italie
83%
Russie
80%
Brésil
75%
Mexique
70%
Allemagne
68%
Inde
65%
Royaume-Uni
58%
Turquie
55%
Suède
50%
Chili
43%
Chili
43%
Iran
43%
Pérou
40%
Pakistan
28%
Arabie Saoudite
20%
Biélorussie
13%
Qatar
13%
Oman
10%
Koweït
8%
Panama
8%
Singapour
8%
Arménie
5%
Bahreïn
5%
Aucun quiz correspondant
Distribution des résultats
% des personnes avec chaque résultat
Percentile par nombre de réponses
Votre historique - résultats
Vous n’avez pas pris ce quiz